000 00249nam a2200097Ia 4500
008 240331s9999 xx 000 0 und d
082 _bSRI
100 _aCRD
245 0 _aSri Lanka the eEthnic conflict :
_bmyths, realities and perspectives
942 _cL
999 _c1386
_d1386